| 000 -LEADER |
| fixed length control field |
01485cas a2200373 a 4500 |
| 001 - CONTROL NUMBER |
| control field |
14177336 |
| 005 - DATE AND TIME OF LATEST TRANSACTION |
| control field |
20180810070114.0 |
| 006 - FIXED-LENGTH DATA ELEMENTS--ADDITIONAL MATERIAL CHARACTERISTICS--GENERAL INFORMATION |
| fixed length control field |
m d |
| 007 - PHYSICAL DESCRIPTION FIXED FIELD--GENERAL INFORMATION |
| fixed length control field |
co ||||||||||| |
| 008 - FIXED-LENGTH DATA ELEMENTS--GENERAL INFORMATION |
| fixed length control field |
051122c20029999enkfr p 0 0eng c |
| 010 ## - LIBRARY OF CONGRESS CONTROL NUMBER |
| LC control number |
2006205092 |
| 022 ## - INTERNATIONAL STANDARD SERIAL NUMBER |
| International Standard Serial Number |
1475-9225 |
| 035 ## - SYSTEM CONTROL NUMBER |
| System control number |
(OCoLC)ocm50578551 |
| 040 ## - CATALOGING SOURCE |
| Original cataloging agency |
EQO |
| Language of cataloging |
eng |
| Transcribing agency |
EQO |
| Modifying agency |
OCLCQ |
| -- |
DLC |
| -- |
NLGGC |
| -- |
TBS |
| -- |
WUOHS |
| -- |
OCLCQ |
| -- |
TULIB |
| -- |
OCLCQ |
| -- |
OCLCF |
| -- |
OCLCQ |
| -- |
CD6 |
| -- |
PIFSG |
| -- |
OCLCO |
| -- |
MMV |
| -- |
OCLCQ |
| -- |
OCLCO |
| -- |
CSA |
| -- |
NJR |
| -- |
CD5 |
| -- |
GZH |
| -- |
OCLCO |
| 041 ## - LANGUAGE CODE |
| Language code of text/sound track or separate title |
eng |
| 042 ## - AUTHENTICATION CODE |
| Authentication code |
pcc |
| 080 ## - UNIVERSAL DECIMAL CLASSIFICATION NUMBER |
| Universal Decimal Classification number |
610.724 |
| 082 04 - DEWEY DECIMAL CLASSIFICATION NUMBER |
| Classification number |
610.724 |
| 100 ## - Rafti |
| Rafti |
2 |
| 101 ## - Shkurtesa |
| Shkurtesa |
SHM |
| 245 00 - TITLE STATEMENT |
| Title |
Clinical evidence concise : |
| 246 13 - VARYING FORM OF TITLE |
| Title proper/short title |
International resource of the best available evidence for effective health care |
| 310 ## - CURRENT PUBLICATION FREQUENCY |
| Current publication frequency |
Semiannual |
| 362 0# - DATES OF PUBLICATION AND/OR SEQUENTIAL DESIGNATION |
| Dates of publication and/or sequential designation |
Issue 7 (June 2002)- |
| 530 ## - ADDITIONAL PHYSICAL FORM AVAILABLE NOTE |
| Additional physical form available note |
Also issued online to registered users. |
| 580 ## - LINKING ENTRY COMPLEXITY NOTE |
| Linking entry complexity note |
Companion publication to: Clinical evidence. |
| 776 08 - ADDITIONAL PHYSICAL FORM ENTRY |
| Display text |
Online version: |
| Title |
Clinical evidence concise |
| Record control number |
(OCoLC)606052626 |
| 776 08 - ADDITIONAL PHYSICAL FORM ENTRY |
| Display text |
Online version: |
| Title |
Clinical evidence concise |
| Record control number |
(OCoLC)607748881 |
| 787 1# - NONSPECIFIC RELATIONSHIP ENTRY |
| Title |
Clinical evidence |
| International Standard Serial Number |
1462-3846 |
| Record control number |
(DLC) 00252052 |
| -- |
(OCoLC)42198597 |
| 906 ## - LOCAL DATA ELEMENT F, LDF (RLIN) |
| a |
7 |
| b |
cbc |
| c |
serials |
| d |
2 |
| e |
ncip |
| f |
20 |
| g |
n-oclcserc |
| 942 ## - ADDED ENTRY ELEMENTS (KOHA) |
| Source of classification or shelving scheme |
|
| Item type |
Books |